[Event "3rd Poland-Ukraine Academic Match"]
[Site "Katowice, POL"]
[Date "2014.10.08"]
[Round "2.2"]
[White "Zavgorodniy, Sergiy"]
[Black "Kanarek, Marcel"]
[Result "0-1"]
[WhiteElo "2429"]
[BlackElo "2479"]
[PlyCount "112"]
[EventDate "2014.10.07"]
[EventType "match"]
[EventRounds "4"]
[EventCountry "POL"]

1. d4 Nf6 2. Nc3 d5 3. Bf4 Bf5 4. f3 e6 5. g4 Bg6 6. h4 h6 7. e3 a6 8. Bd3 Bxd3
9. cxd3 Bd6 10. Nge2 Bxf4 11. Nxf4 Qd6 12. Kf2 Nc6 13. Qa4 O-O-O 14. Qa3 Qxa3
15. bxa3 g6 16. Rab1 Nd7 17. Na4 Kb8 18. Rhc1 Ka7 19. Ne2 Rc8 20. Rc2 Ne7 21.
Rbc1 c6 22. Nc5 Rhd8 23. a4 a5 24. e4 b6 25. Nxd7 Rxd7 26. Ke3 Rh8 27. Kf4 f6
28. Ke3 e5 29. Rxc6 Nxc6 30. Rxc6 exd4+ 31. Nxd4 Rf8 32. Nb5+ Kb7 33. Re6 dxe4
34. fxe4 Rh7 35. d4 h5 36. gxh5 Rxh5 37. Re7+ Kb8 38. d5 Re5 39. Rg7 f5 40. Nd4
Rxe4+ 41. Kd3 Rf6 42. Nc6+ Rxc6 43. dxc6 Rxh4 44. Rxg6 Kc7 45. Kc3 Rxa4 46. Kb3
b5 47. Rf6 Rb4+ 48. Kc3 Rf4 49. Kd3 Kb6 50. Kc3 Rc4+ 51. Kd3 Rf4 52. Kc3 Rf3+
53. Kd4 Ra3 54. Rxf5 Rxa2 55. Rc5 Rd2+ 56. Ke3 Rd8 0-1

[Event "3rd Poland-Ukraine Academic Match"]
[Site "Katowice, POL"]
[Date "2014.10.08"]
[Round "2.4"]
[White "Kulishenko, Artur"]
[Black "Wojciechowski, Piotr"]
[Result "1/2-1/2"]
[WhiteElo "1905"]
[BlackElo "2290"]
[PlyCount "62"]
[EventDate "2014.10.07"]
[EventType "match"]
[EventRounds "4"]
[EventCountry "POL"]

1. d4 Nf6 2. Nc3 d5 3. Bf4 c6 4. Qd2 e6 5. Nf3 Bb4 6. a3 Ne4 7. Qd3 Bxc3+ 8.
bxc3 Qa5 9. Bd2 b6 10. c4 Nxd2 11. Qxd2 Qa4 12. cxd5 cxd5 13. e3 O-O 14. Bd3
Ba6 15. O-O Nd7 16. Qb4 Qxb4 17. axb4 Bxd3 18. cxd3 a5 19. bxa5 bxa5 20. Rfb1
Rfb8 21. Rxb8+ Rxb8 22. Kf1 Rb5 23. Ke1 Kf8 24. Kd1 Ke7 25. Kc2 Kd6 26. Kc3 h6
27. Nd2 Nb8 28. Nb3 Nc6 29. Nc5 Rb8 30. Nb3 Rb5 31. Nc5 Rb8 $11 1/2-1/2

[Event "3rd Poland-Ukraine Academic Match"]
[Site "Katowice, POL"]
[Date "2014.10.08"]
[Round "2.5"]
[White "Chlost, Marlena"]
[Black "Zingaylo, Anastasiya"]
[Result "1-0"]
[WhiteElo "2188"]
[BlackElo "2054"]
[PlyCount "65"]
[EventDate "2014.10.07"]
[EventType "match"]
[EventRounds "4"]
[EventCountry "POL"]

1. e4 c5 2. Nf3 Nc6 3. d4 cxd4 4. Nxd4 g6 5. c4 Bg7 6. Nc2 Nf6 7. Nc3 O-O 8.
Be2 d6 9. O-O Be6 10. Rb1 Nd7 11. Bd2 Rc8 12. f4 Nd4 13. b3 f5 14. Nxd4 Bxd4+
15. Kh1 Nc5 16. Bf3 fxe4 17. Nxe4 Bf5 18. Qe2 e5 19. Rbe1 Ne6 20. g3 Kh8 21.
Bg2 exf4 22. gxf4 Bg7 23. Ng3 Nd4 24. Qf2 Bd3 25. Rg1 Qh4 26. Qe3 Bc2 27. Bc3
Rxf4 28. Rgf1 Rcf8 29. Rxf4 Rxf4 30. Ne2 Be4 31. Qxf4 Bxg2+ 32. Kxg2 Qh5 33.
Bxd4 1-0

[Event "3rd Poland-Ukraine Academic Match"]
[Site "Katowice, POL"]
[Date "2014.10.08"]
[Round "2.6"]
[White "Borisenko, Svetlana"]
[Black "Gasik, Anna"]
[Result "1-0"]
[WhiteElo "1733"]
[BlackElo "2233"]
[PlyCount "89"]
[EventDate "2014.10.07"]
[EventType "match"]
[EventRounds "4"]
[EventCountry "POL"]

1. d4 f5 2. Nc3 d5 3. Bf4 c6 4. Nf3 Nf6 5. Qd2 e6 6. a3 Be7 7. g3 O-O 8. Ne5 c5
9. Be3 cxd4 10. Bxd4 Nc6 11. Nxc6 bxc6 12. b4 a5 13. Na2 Qc7 14. f3 axb4 15.
axb4 e5 16. Nc1 exd4 17. Rxa8 Qb7 18. Ra4 Qb5 19. Ra5 Bxb4 20. Rxb5 Bxd2+ 21.
Kxd2 cxb5 22. Nb3 Bd7 23. Nxd4 Ne8 24. e3 Nd6 25. Bd3 Ra8 26. Rb1 Kf8 27. Rb3
Rb8 28. Ra3 Rb7 29. Ra8+ Kf7 30. Rh8 h6 31. Ra8 g6 32. Ra6 Ke7 33. Nc6+ Bxc6
34. Rxc6 b4 35. Ba6 Rb8 36. Kd3 Kd7 37. Rc5 Rb6 38. Ra5 b3 39. cxb3 Rxb3+ 40.
Kd4 Ke6 41. Rxd5 Rb4+ 42. Kc5 Rb6 43. Bd3 Nc8 44. Rd8 Rb8 45. Ba6 1-0

[Event "3rd Poland-Ukraine Academic Match"]
[Site "Katowice, POL"]
[Date "2014.10.08"]
[Round "2.8"]
[White "Davymuka, Roman"]
[Black "Kowalczyk, Rafal"]
[Result "0-1"]
[WhiteElo "2133"]
[BlackElo "2178"]
[PlyCount "114"]
[EventDate "2014.10.07"]
[EventType "match"]
[EventRounds "4"]
[EventCountry "POL"]

1. d4 d5 2. Nf3 e6 3. g3 Nf6 4. Bg2 Be7 5. O-O O-O 6. c4 dxc4 7. Nc3 c5 8. dxc5
Qa5 9. Qa4 Qxa4 10. Nxa4 Bd7 11. Nc3 Bc6 12. Ne5 Bxg2 13. Kxg2 Nbd7 14. Nxc4
Nxc5 15. Bf4 Rfd8 16. Rfd1 Nd5 17. Nxd5 exd5 18. Ne5 Bf6 19. Nd3 b6 20. Rd2
Rac8 21. h4 Ne4 22. Rdd1 Rc2 23. Kf1 Bxb2 24. Nxb2 Rxb2 25. Rd3 h6 26. a4 Nc5
27. Rda3 d4 28. Rd1 a5 29. Be5 Rb4 30. Rda1 f6 31. Bc7 Rd7 32. Bb8 g5 33. hxg5
hxg5 34. g4 Kf7 35. Kg2 d3 36. exd3 Rxg4+ 37. Kf3 Rgd4 38. Ke2 Nxd3 39. Rh1 Nc5
40. Rah3 Rd2+ 41. Kf3 R7d3+ 42. Kg2 Rxh3 43. Rxh3 Nxa4 44. Rh7+ Ke6 45. Rb7 Rb2
46. Bc7 Nc5 47. Ra7 Rb3 48. Bd8 Nd7 49. Ra6 Kd6 50. f3 Rc3 51. Ra8 Rc4 52. Kg3
a4 53. Kf2 b5 54. Ra6+ Rc6 55. Be7+ Kd5 56. Ra5 Kc4 57. Ra7 Nc5 0-1

[Event "3rd Poland-Ukraine Academic Match"]
[Site "Katowice, POL"]
[Date "2014.10.08"]
[Round "2.9"]
[White "Paszewski, Mateusz"]
[Black "Panchyshyn, Taras"]
[Result "1-0"]
[WhiteElo "2148"]
[BlackElo "2141"]
[PlyCount "33"]
[EventDate "2014.10.07"]
[EventType "match"]
[EventRounds "4"]
[EventCountry "POL"]

1. e4 e6 2. d4 d5 3. Nd2 dxe4 4. Nxe4 Nd7 5. Nf3 Ngf6 6. Nxf6+ Nxf6 7. Bd3 Be7
8. O-O O-O 9. Ne5 c5 10. dxc5 Qc7 11. Qe2 Qxc5 12. Bg5 Rd8 13. Rae1 h6 14. Bxf6
Bxf6 15. Qe4 Bd7 16. Qh7+ Kf8 17. Nxd7+ 1-0

[Event "3rd Poland-Ukraine Academic Match"]
[Site "Katowice, POL"]
[Date "2014.10.08"]
[Round "2.11"]
[White "Brozek, Ewa"]
[Black "Soloviova, Liza"]
[Result "0-1"]
[WhiteElo "1715"]
[BlackElo "2301"]
[PlyCount "106"]
[EventDate "2014.10.07"]
[EventType "match"]
[EventRounds "4"]
[EventCountry "POL"]

1. e4 d6 2. d4 Nf6 3. Nc3 c6 4. Nf3 Nbd7 5. Bc4 b5 6. Bd3 a6 7. O-O e5 8. dxe5
dxe5 9. Bg5 Be7 10. Ne2 h6 11. Bd2 Qc7 12. Ng3 Nc5 13. Ne1 O-O 14. Be3 Rd8 15.
Qc1 Ng4 16. Bd2 Nxd3 17. Nxd3 c5 18. h3 Nf6 19. f4 Bb7 20. Qe1 exf4 21. Ba5 Qd7
22. Bxd8 fxg3 23. Bxe7 Qxe7 24. Qxg3 Nxe4 25. Qf4 c4 26. Nf2 Qc5 27. Kh1 Ng5
28. Rae1 Qc6 29. Qg3 f5 30. Rg1 Rf8 31. Qf4 Qf6 32. Qe5 Ne4 33. Rxe4 fxe4 34.
Qxf6 Rxf6 35. Ng4 Rd6 36. b3 c3 37. Re1 Rd2 38. Ne3 Bc6 39. Kg1 b4 40. Kh2 Kf8
41. Kg3 Ke7 42. Kf4 Ke6 43. Kg3 a5 44. Kf4 g6 45. Kg3 Ke5 46. Nc4+ Kd4 47. Ne3
Bb5 48. Kf4 Be2 49. Nf1 Bxf1 50. Rxf1 e3 51. Re1 Rf2+ 52. Kg3 Rxc2 53. Kf3 Rf2+
0-1

[Event "3rd Poland-Ukraine Academic Match"]
[Site "Katowice, POL"]
[Date "2014.10.08"]
[Round "2.13"]
[White "Polok, Kacper"]
[Black "Baryshpolets, Andrey"]
[Result "1/2-1/2"]
[WhiteElo "2213"]
[BlackElo "2545"]
[PlyCount "119"]
[EventDate "2014.10.07"]
[EventType "match"]
[EventRounds "4"]
[EventCountry "POL"]

1. e4 c5 2. Nf3 Nc6 3. d4 cxd4 4. Nxd4 Nf6 5. Nc3 d6 6. Bg5 e6 7. Qd2 a6 8.
O-O-O Bd7 9. f4 b5 10. Nxc6 Bxc6 11. Bd3 Be7 12. Kb1 O-O 13. Rhg1 Rb8 14. g4 b4
15. Bxf6 Bxf6 16. Ne2 Qa5 17. g5 Bc3 18. Qe3 g6 19. Bc4 d5 20. Bb3 Bg7 21. f5
Rfe8 22. fxe6 Rxe6 23. Qf4 Be5 24. Qf2 dxe4 25. Rgf1 Re7 26. Bxf7+ Kh8 27. Bb3
Bg7 28. c3 bxc3 29. Nd4 Bd5 30. Qg3 Qb6 31. bxc3 e3 32. Rfe1 Bxb3 33. Nxb3 Bxc3
34. Re2 Rbe8 35. Rd3 Bg7 36. h4 a5 37. a4 Re4 38. Kc2 Rxa4 39. Rexe3 Rc8+ 40.
Kd1 Qc6 41. Ke2 Ra2+ 42. Nd2 a4 43. Re7 Qb5 44. Qd6 Rf8 45. Qd7 Qxd7 46. Rdxd7
Bc3 47. Rxh7+ Kg8 48. Kd3 Rxd2+ 49. Kxc3 Rxd7 50. Rxd7 Rf4 51. Rd6 Kf7 52. Rd7+
Kf8 53. Rd6 Kg7 54. Rd7+ Kf8 55. Rd6 Kf7 56. Rd7+ Ke6 57. Rg7 Kf5 58. Rf7+ Ke5
59. Rxf4 Kxf4 60. h5 1/2-1/2

[Event "3rd Poland-Ukraine Academic Match"]
[Site "Katowice, POL"]
[Date "2014.10.08"]
[Round "2.14"]
[White "Razin, Vadim"]
[Black "Piesik, Piotr"]
[Result "1-0"]
[WhiteElo "2309"]
[BlackElo "2259"]
[PlyCount "119"]
[EventDate "2014.10.07"]
[EventType "match"]
[EventRounds "4"]
[EventCountry "POL"]

1. d4 c5 2. d5 e5 3. e4 d6 4. Nc3 Be7 5. Be2 Bg5 6. Bxg5 Qxg5 7. Nf3 Qd8 8. Nd2
b6 9. Nc4 a6 10. a4 Ne7 11. Ra3 Ra7 12. Rb3 Rb7 13. O-O O-O 14. Bg4 Bxg4 15.
Qxg4 Ng6 16. g3 Qc7 17. h4 Nd7 18. h5 Ne7 19. h6 g6 20. f4 f5 21. Qg5 Rf7 22.
fxe5 Nxe5 23. Nxe5 dxe5 24. exf5 Rxf5 25. Rxf5 Nxf5 26. Ne4 Nd4 27. Re3 Qe7 28.
Qxe7 Rxe7 29. Nf6+ Kf8 30. d6 Rf7 31. d7 Nc6 32. Rf3 Ke7 33. Nd5+ Ke6 34. Rxf7
Kxf7 35. Nxb6 Ke6 36. Kf2 Nd8 37. c3 Nf7 38. b4 cxb4 39. cxb4 Kd6 40. Ke3 Kc7
41. a5 Nxh6 42. b5 Nf5+ 43. Kf2 Nd4 44. bxa6 Nc6 45. Ke3 h5 46. Nc4 g5 47. Nxe5
Nd8 48. Nf3 Nc6 49. Ne5 Nd8 50. Nd3 Nc6 51. Nc5 Nxa5 52. d8=B+ Kxd8 53. Nb7+
Kc7 54. Nxa5 Kb6 55. Nb3 Kxa6 56. Nc5+ Kb6 57. Ne4 h4 58. g4 h3 59. Kf3 Kc6 60.
Nxg5 1-0

[Event "3rd Poland-Ukraine Academic Match"]
[Site "Katowice, POL"]
[Date "2014.10.08"]
[Round "2.15"]
[White "Barski, Radoslaw"]
[Black "Gerasimenyk, Mikhail"]
[Result "1/2-1/2"]
[WhiteElo "2263"]
[BlackElo "2176"]
[PlyCount "37"]
[EventDate "2014.10.07"]
[EventType "match"]
[EventRounds "4"]
[EventCountry "POL"]

1. e4 d5 2. exd5 Qxd5 3. Nc3 Qa5 4. d4 Nf6 5. Bc4 Bg4 6. Nf3 Nc6 7. h3 Qh5 8.
Be2 O-O-O 9. O-O Nxd4 10. Nxd4 Bxe2 11. Ncxe2 e5 12. c3 exd4 13. cxd4 Bd6 14.
Qc2 Nd5 15. Nc3 Kb8 16. Qb3 c6 17. Nxd5 Qxd5 18. Qxd5 cxd5 19. Bd2 1/2-1/2

[Event "3rd Poland-Ukraine Academic Match"]
[Site "Katowice, POL"]
[Date "2014.10.08"]
[Round "2.17"]
[White "Warakomska, Anna"]
[Black "Kalinina, Olga"]
[Result "0-1"]
[WhiteElo "2223"]
[BlackElo "2259"]
[PlyCount "112"]
[EventDate "2014.10.07"]
[EventType "match"]
[EventRounds "4"]
[EventCountry "POL"]

1. e4 c5 2. Nf3 e6 3. d4 cxd4 4. Nxd4 a6 5. Bd3 Bc5 6. Nb3 Be7 7. Qe2 d6 8. O-O
Qc7 9. Be3 Nf6 10. c4 b6 11. Nc3 Bb7 12. f3 Nbd7 13. Qf2 O-O 14. Rac1 Rac8 15.
Rfd1 Bd8 16. Bf1 Qb8 17. Nd4 Bc7 18. g3 Rfe8 19. b4 Ne5 20. Nb3 Qa8 21. Be2 d5
22. exd5 exd5 23. c5 d4 24. Nxd4 bxc5 25. bxc5 Nxf3+ 26. Bxf3 Bxf3 27. Qxf3
Qxf3 28. Nxf3 Rxe3 29. Kg2 Ba5 30. Nd5 Nxd5 31. Rxd5 Re2+ 32. Kh3 Rxa2 33. c6
Bc7 34. Rd7 h6 35. Nd4 Rf2 36. Ra1 f5 37. Rxa6 g5 38. Nxf5 Rxf5 39. Ra7 Rf7 40.
Kg4 Kg7 41. Kh5 Kf6 42. h4 gxh4 43. gxh4 Ke6 44. Kxh6 Rh8+ 45. Kg6 Rg8+ 46. Kh5
Rh8+ 47. Kg6 Rg8+ 48. Kh5 Rf5+ 49. Kh6 Bf4+ 50. Kh7 Rg4 51. Rg7 Rxh4+ 52. Kg8
Bd6 53. Rg6+ Rf6 54. Rxf6+ Kxf6 55. Rf7+ Ke6 56. Rf1 Be5 0-1

[Event "3rd Poland-Ukraine Academic Match"]
[Site "Katowice, POL"]
[Date "2014.10.08"]
[Round "2.19"]
[White "Wandzik, Wojciech"]
[Black "Skliarov, Viktor"]
[Result "1/2-1/2"]
[WhiteElo "2351"]
[BlackElo "2327"]
[PlyCount "101"]
[EventDate "2014.10.07"]
[EventType "match"]
[EventRounds "4"]
[EventCountry "POL"]

1. e4 c5 2. Nf3 Nc6 3. Bb5 e6 4. Bxc6 bxc6 5. O-O Ne7 6. c3 Ng6 7. d4 d5 8. Qe2
Qb6 9. Rd1 Ba6 10. Qe3 Qb5 11. Nbd2 Qe2 12. Re1 Qxe3 13. fxe3 Bd3 14. exd5 cxd5
15. Nb3 c4 16. Nc5 Bxc5 17. dxc5 e5 18. b4 f6 19. a4 a6 20. Kf2 Kd7 21. Ra2 Kc6
22. Ba3 Rhb8 23. Rb2 Rb7 24. Ra1 Nf8 25. Ne1 e4 26. Rba2 Nd7 27. g4 Ne5 28. Kg3
h5 29. h3 hxg4 30. hxg4 Rh8 31. Ng2 g5 32. b5+ axb5 33. Bb4 bxa4 34. Rxa4 Kd7
35. Ra6 Nc6 36. Rxc6 Kxc6 37. Ra6+ Kc7 38. Rxf6 Rxb4 39. cxb4 c3 40. Ne1 Rh1
41. Nc2 Bxc2 42. b5 Ra1 43. Rf7+ Kd8 44. Rf8+ Kc7 45. Rf7+ Kd8 46. Rf8+ Ke7 47.
c6 Kd6 48. Rf6+ Ke7 49. Rf8 Kd6 50. Rf6+ Ke7 51. Rf8 1/2-1/2

[Event "3rd Poland-Ukraine Academic Match"]
[Site "Katowice, POL"]
[Date "2014.10.08"]
[Round "2.20"]
[White "Shumilov, Illya"]
[Black "Mroziak, Maciej"]
[Result "0-1"]
[WhiteElo "2313"]
[BlackElo "2321"]
[PlyCount "84"]
[EventDate "2014.10.07"]
[EventType "match"]
[EventRounds "4"]
[EventCountry "POL"]

1. d4 Nf6 2. Nf3 g6 3. b4 Bg7 4. c4 O-O 5. e3 d6 6. Bb2 c5 7. a3 cxd4 8. Nxd4
Nc6 9. Be2 d5 10. cxd5 Nxd4 11. Qxd4 Qxd5 12. Bf3 Qxd4 13. Bxd4 Re8 14. Be5 Nd7
15. Bxg7 Kxg7 16. Nc3 Ne5 17. Bd5 e6 18. Bb3 b6 19. O-O-O Ba6 20. b5 Rac8 21.
Kb2 Bb7 22. e4 Rc5 23. Rd4 Rec8 24. Rc1 Bxe4 25. Nxe4 Rxc1 26. f4 Ng4 27. Nd6
R8c5 28. Ra4 Rf1 29. Rxa7 Rf2+ 30. Kb1 Rxf4 31. Bxe6 Ne5 32. a4 Rb4+ 33. Ka2
Nd3 34. Nc4 Rcxc4 35. Rxf7+ Kh6 36. Bxc4 Rxc4 37. Kb3 Re4 38. Ra7 Nc5+ 39. Ka3
Kg5 40. g3 h5 41. h3 Kf6 42. Ra8 Ke5 0-1

[Event "3rd Poland-Ukraine Academic Match"]
[Site "Katowice, POL"]
[Date "2014.10.08"]
[Round "2.21"]
[White "Dudys, Jakub"]
[Black "Skliarov, Oleksandr"]
[Result "1/2-1/2"]
[WhiteElo "2122"]
[BlackElo "2101"]
[PlyCount "47"]
[EventDate "2014.10.07"]
[EventType "match"]
[EventRounds "4"]
[EventCountry "POL"]

1. e4 e6 2. d4 d5 3. exd5 exd5 4. Nf3 Nf6 5. c4 Bb4+ 6. Bd2 Qe7+ 7. Be2 Bxd2+
8. Nbxd2 Nc6 9. O-O O-O 10. Re1 Bg4 11. Qb3 Qb4 12. Qc2 Bxf3 13. Nxf3 dxc4 14.
Bxc4 Rad8 15. Qc3 Nd5 16. Bxd5 Rxd5 17. Qxb4 Nxb4 18. Re7 Na6 19. Rae1 f6 20.
Kf1 b6 21. R1e4 Rf7 22. Re8+ Rf8 23. R8e7 Rf7 24. Re8+ $11 1/2-1/2

[Event "3rd Poland-Ukraine Academic Match"]
[Site "Katowice, POL"]
[Date "2014.10.08"]
[Round "2.23"]
[White "Szczurek, Natalia"]
[Black "Petrova, Irina"]
[Result "0-1"]
[WhiteElo "1733"]
[BlackElo "2107"]
[PlyCount "90"]
[EventDate "2014.10.07"]
[EventType "match"]
[EventRounds "4"]
[EventCountry "POL"]

1. e4 d6 2. d4 Nf6 3. Nc3 g6 4. g3 Bg7 5. Bg2 O-O 6. Nge2 Nbd7 7. O-O c5 8. d5
Rb8 9. a4 b6 10. f4 a6 11. Kh1 b5 12. axb5 axb5 13. Be3 Nb6 14. Bg1 b4 15. Na4
Nfd7 16. Nxb6 Nxb6 17. Rb1 Nc4 18. Qc1 Ba6 19. Re1 Qc7 20. Bf2 Bb5 21. c3 b3
22. Ng1 Ra8 23. Bf1 Rfb8 24. Bxc4 Bxc4 25. Qd2 e6 26. dxe6 fxe6 27. Nf3 d5 28.
e5 Rd8 29. Kg1 Qc6 30. Nh4 Ba6 31. Qe3 d4 32. Qf3 Qb6 33. cxd4 cxd4 34. Rec1
Bb7 35. Qd3 Rac8 36. Rxc8 Rxc8 37. Nf3 Qc6 38. Kg2 g5 39. h3 Qc2 40. Qf1 Qe4
41. Qd1 h5 42. g4 hxg4 43. hxg4 Qxf4 44. Bg3 Qxg4 45. Kf2 Rf8 0-1

[Event "3rd Poland-Ukraine Academic Match"]
[Site "Katowice, POL"]
[Date "2014.10.08"]
[Round "2.24"]
[White "Korniyuk, Mariya"]
[Black "Pisarek, Magdalena"]
[Result "1-0"]
[WhiteElo "2107"]
[BlackElo "1674"]
[PlyCount "99"]
[EventDate "2014.10.07"]
[EventType "match"]
[EventRounds "4"]
[EventCountry "POL"]

1. e4 c5 2. c3 a6 3. d4 e6 4. Nf3 b6 5. Bd3 Bb7 6. Nbd2 d5 7. exd5 Bxd5 8. O-O
Nf6 9. Re1 Be7 10. Nc4 O-O 11. Nce5 Nbd7 12. Qe2 b5 13. Bf4 c4 14. Bc2 Rc8 15.
Ng5 g6 16. Ne4 Nh5 17. Bh6 Ng7 18. a4 b4 19. cxb4 Bxb4 20. Nxd7 Bxe4 21. Bxe4
Qxd7 22. Red1 f5 23. Bf3 Bd6 24. h3 Rfe8 25. Bg5 Be7 26. Bxe7 Rxe7 27. a5 Kf8
28. Qe5 Qc7 29. Qxc7 Rexc7 30. Ra4 Rb8 31. Rc1 Rxb2 32. Rcxc4 Ra7 33. Rc6 Ke7
34. Rb6 Rb5 35. Bc6 Rd5 36. Bxd5 exd5 37. Rab4 Ne6 38. Rb7+ Rxb7 39. Rxb7+ Kd8
40. Rb6 Nc7 41. Kf1 f4 42. Ke2 Kd7 43. h4 Ke7 44. Kd3 Kd7 45. h5 g5 46. Rh6 Ne6
47. Rxh7+ Kc6 48. Rh6 Kd7 49. Rg6 f3 50. g3 1-0